| 000 | 00464nam a2200145Ia 4500 | ||
|---|---|---|---|
| 008 | 140529s9999 xx 000 0 und d | ||
| 050 |
_aPR 1145 _b.L58 2007 |
||
| 245 |
_aLiterature and culture at the Fin de Siècle / _c[edited by] Talia Schaffer |
||
| 260 |
_aNew York : _bPearson Longman Publishers, _cc2007. |
||
| 300 |
_a606 p. : _bill. ; _c24 cm. |
||
| 500 | _aIncludes bibliographical references. | ||
| 521 | _aGE | ||
| 942 |
_kFOR _cBK |
||
| 999 |
_c117700 _d117700 |
||